<?xml version='1.0' encoding='UTF-8'?>
  <record xmlns="http://www.loc.gov/MARC21/slim">
    <leader>00000cam a2200000 i 4500</leader>
    <controlfield tag="001">ocn898979611</controlfield>
    <controlfield tag="003">OCoLC</controlfield>
    <controlfield tag="005">20240922173555.2</controlfield>
    <controlfield tag="008">870817s1874    ne            000 0 dut d</controlfield>
    <datafield tag="040" ind1=" " ind2=" ">
      <subfield code="a">NLGGC</subfield>
      <subfield code="b">dut</subfield>
      <subfield code="e">fobidrtb</subfield>
      <subfield code="c">NLGGC</subfield>
      <subfield code="d">OCLCO</subfield>
      <subfield code="d">OCLCF</subfield>
      <subfield code="d">OCLCL</subfield>
      <subfield code="d">OCLCQ</subfield>
    </datafield>
    <datafield tag="029" ind1="0" ind2=" ">
      <subfield code="a">NLGGC</subfield>
      <subfield code="b">040796841</subfield>
    </datafield>
    <datafield tag="029" ind1="1" ind2=" ">
      <subfield code="a">NLGGC</subfield>
      <subfield code="b">138339201</subfield>
    </datafield>
    <datafield tag="035" ind1=" " ind2=" ">
      <subfield code="a">(OCoLC)898979611</subfield>
    </datafield>
    <datafield tag="041" ind1="1" ind2=" ">
      <subfield code="a">dut</subfield>
      <subfield code="h">ger</subfield>
    </datafield>
    <datafield tag="100" ind1="1" ind2=" ">
      <subfield code="a">Grundemann, R.</subfield>
      <subfield code="q">(Peter Reinhold),</subfield>
      <subfield code="d">1836-1924.</subfield>
      <subfield code="1">https://id.oclc.org/worldcat/entity/E39PBJymyPQB4kRFPbBfrwBwYP</subfield>
    </datafield>
    <datafield tag="245" ind1="1" ind2="0">
      <subfield code="a">Levensbeeld van Johann Frederik Riedel uit de Minahassa op Celébes /</subfield>
      <subfield code="c">[door R. Grundemann] ; verkort naar het Hoogduitsch bew. door J.J.H. Bange.</subfield>
    </datafield>
    <datafield tag="260" ind1=" " ind2=" ">
      <subfield code="a">Veendam :</subfield>
      <subfield code="b">Mulder,</subfield>
      <subfield code="c">[1874?]</subfield>
    </datafield>
    <datafield tag="300" ind1=" " ind2=" ">
      <subfield code="a">158 p. ;</subfield>
      <subfield code="c">23 cm.</subfield>
    </datafield>
    <datafield tag="336" ind1=" " ind2=" ">
      <subfield code="a">tekst</subfield>
      <subfield code="b">txt</subfield>
      <subfield code="2">rdacontent/dut</subfield>
    </datafield>
    <datafield tag="337" ind1=" " ind2=" ">
      <subfield code="a">zonder medium</subfield>
      <subfield code="b">n</subfield>
      <subfield code="2">rdamedia/dut</subfield>
    </datafield>
    <datafield tag="338" ind1=" " ind2=" ">
      <subfield code="a">band</subfield>
      <subfield code="b">nc</subfield>
      <subfield code="2">rdacarrier/dut</subfield>
    </datafield>
    <datafield tag="530" ind1=" " ind2=" ">
      <subfield code="a">Ook beschikbaar in microvorm.</subfield>
    </datafield>
    <datafield tag="530" ind1=" " ind2=" ">
      <subfield code="a">Titel is geselecteerd voor digitalisering voor de Universiteit van Leiden in het kader van het Google Books-project.</subfield>
    </datafield>
    <datafield tag="650" ind1=" " ind2="0">
      <subfield code="a">Lutheran Church</subfield>
      <subfield code="x">Missions</subfield>
      <subfield code="z">Indonesia</subfield>
      <subfield code="z">Sulawesi.</subfield>
    </datafield>
    <datafield tag="651" ind1=" " ind2="4">
      <subfield code="a">Celebes (Indonesia)</subfield>
      <subfield code="x">Missions.</subfield>
    </datafield>
    <datafield tag="651" ind1=" " ind2="4">
      <subfield code="a">Minahasa (Indonesia)</subfield>
    </datafield>
    <datafield tag="650" ind1=" " ind2="7">
      <subfield code="a">Lutheran Church</subfield>
      <subfield code="x">Missions.</subfield>
      <subfield code="2">fast</subfield>
      <subfield code="0">(OCoLC)fst01004042</subfield>
    </datafield>
    <datafield tag="651" ind1=" " ind2="7">
      <subfield code="a">Indonesia</subfield>
      <subfield code="z">Sulawesi.</subfield>
      <subfield code="2">fast</subfield>
      <subfield code="0">(OCoLC)fst01244469</subfield>
      <subfield code="1">https://id.oclc.org/worldcat/entity/E39QbtfRhHF6bhgRXvHkdf8wbM</subfield>
    </datafield>
    <datafield tag="600" ind1="1" ind2="7">
      <subfield code="a">Riedel, Johan Gerard Friedrich</subfield>
      <subfield code="q">(Johann Friedrich),</subfield>
      <subfield code="d">1798-1860.</subfield>
      <subfield code="2">local</subfield>
      <subfield code="0">(NL-LeOCL)100017940</subfield>
    </datafield>
    <datafield tag="700" ind1="1" ind2=" ">
      <subfield code="a">Bange, J.J.H.</subfield>
      <subfield code="q">(Jacobus Johannes Henricus),</subfield>
      <subfield code="d">1816-1896.</subfield>
      <subfield code="1">https://id.oclc.org/worldcat/entity/E39PBJkxGJKfYVc3JFkvM7wwG3</subfield>
    </datafield>
    <datafield tag="758" ind1=" " ind2=" ">
      <subfield code="a">Levensbeeld van Johann Frederik Riedel uit de Minahassa op Celébes (Text)</subfield>
      <subfield code="1">https://id.oclc.org/worldcat/entity/E39PCFyrfH8KQ7Jgh8MqfQQ6Xb</subfield>
      <subfield code="4">https://id.oclc.org/worldcat/ontology/hasWork</subfield>
    </datafield>
    <datafield tag="765" ind1="0" ind2="8">
      <subfield code="i">Vert. van:</subfield>
      <subfield code="t">Johann Friedrich Riedel : ein Lebensbild aus der Minahassa auf Celebes. - Gütersloh : Bertelsmann, 1873</subfield>
    </datafield>
    <datafield tag="776" ind1="0" ind2=" ">
      <subfield code="t">Levensbeeld van Johann Frederik Riedel uit de Minahassa op Celébes</subfield>
      <subfield code="w">(NL-LeOCL)432664394</subfield>
    </datafield>
    <datafield tag="776" ind1="0" ind2=" ">
      <subfield code="t">Levensbeeld van Johann Frederik Riedel uit de Minahassa op Celébes</subfield>
      <subfield code="w">(NL-LeOCL)432664408</subfield>
    </datafield>
    <datafield tag="776" ind1="0" ind2=" ">
      <subfield code="t">Levensbeeld van Johann Frederik Riedel uit de Minahassa op Celébes</subfield>
      <subfield code="w">(NL-LeOCL)432791159</subfield>
    </datafield>
    <datafield tag="776" ind1="0" ind2=" ">
      <subfield code="t">Levensbeeld van Johann Frederik Riedel uit de Minahassa op Celébes</subfield>
      <subfield code="w">(NL-LeOCL)432791167</subfield>
    </datafield>
    <datafield tag="776" ind1="0" ind2=" ">
      <subfield code="t">Levensbeeld van Johann Frederik Riedel uit de Minahassa op Celébes</subfield>
      <subfield code="w">(NL-LeOCL)432791175</subfield>
    </datafield>
    <datafield tag="936" ind1=" " ind2=" ">
      <subfield code="a">BATCHLOAD</subfield>
    </datafield>
  </record>